<?xml version="1.0" encoding="UTF-8"?>
<record
    xmlns:xsi="http://www.w3.org/2001/XMLSchema-instance"
    xsi:schemaLocation="http://www.loc.gov/MARC21/slim http://www.loc.gov/standards/marcxml/schema/MARC21slim.xsd"
    xmlns="http://www.loc.gov/MARC21/slim">

  <leader>01141nac a22002651u 4500</leader>
  <datafield tag="999" ind1=" " ind2=" ">
    <subfield code="c">6014</subfield>
    <subfield code="d">6014</subfield>
  </datafield>
  <controlfield tag="003">EG-ScBUE</controlfield>
  <controlfield tag="005">20201108120958.0</controlfield>
  <controlfield tag="008">110214s1958    ua     f b    001 0 ara d</controlfield>
  <datafield tag="040" ind1=" " ind2=" ">
    <subfield code="a">EG-ScBUE</subfield>
    <subfield code="b">eng</subfield>
    <subfield code="e">rda</subfield>
    <subfield code="c">EG-ScBUE</subfield>
    <subfield code="d">EG-ScBUE</subfield>
  </datafield>
  <datafield tag="082" ind1="0" ind2="4">
    <subfield code="a"> 892.713409</subfield>
    <subfield code="b">&#x634; &#x643; &#x639;</subfield>
    <subfield code="2">22</subfield>
  </datafield>
  <datafield tag="100" ind1="1" ind2=" ">
    <subfield code="a">&#x627;&#x644;&#x634;&#x643;&#x639;&#x629;&#x60C; &#x645;&#x635;&#x637;&#x641;&#x649;&#x60C;</subfield>
    <subfield code="e">&#x645;&#x624;&#x644;&#x641;.</subfield>
    <subfield code="9">22232</subfield>
  </datafield>
  <datafield tag="245" ind1=" " ind2=" ">
    <subfield code="a">&#x641;&#x646;&#x648;&#x646; &#x627;&#x644;&#x634;&#x639;&#x631; &#x641;&#x64A; &#x645;&#x62C;&#x62A;&#x645;&#x639; &#x627;&#x644;&#x62D;&#x645;&#x62F;&#x627;&#x646;&#x64A;&#x64A;&#x646; /</subfield>
    <subfield code="c">&#x62A;&#x623;&#x644;&#x64A;&#x641; &#x645;&#x635;&#x637;&#x641;&#x649; &#x627;&#x644;&#x634;&#x643;&#x639;&#x629;&#x60C; &#x645;&#x62F;&#x631;&#x633; &#x627;&#x644;&#x623;&#x62F;&#x628; &#x627;&#x644;&#x639;&#x631;&#x628;&#x64A; &#x628;&#x643;&#x644;&#x64A;&#x629; &#x627;&#x644;&#x622;&#x62F;&#x627;&#x628; &#x628;&#x62C;&#x627;&#x645;&#x639;&#x629; &#x639;&#x64A;&#x646; &#x634;&#x645;&#x633;.</subfield>
  </datafield>
  <datafield tag="264" ind1=" " ind2="1">
    <subfield code="a">&#x627;&#x644;&#x642;&#x627;&#x647;&#x631;&#x629; :</subfield>
    <subfield code="b">&#x645;&#x643;&#x62A;&#x628;&#x629; &#x627;&#x644;&#x623;&#x646;&#x62C;&#x644;&#x648; &#x627;&#x644;&#x645;&#x635;&#x631;&#x64A;&#x629;&#x60C;</subfield>
    <subfield code="c">1958.</subfield>
  </datafield>
  <datafield tag="300" ind1=" " ind2=" ">
    <subfield code="a">575 &#x635;&#x641;&#x62D;&#x629; :</subfield>
    <subfield code="c">24 &#x633;&#x645;</subfield>
  </datafield>
  <datafield tag="336" ind1=" " ind2=" ">
    <subfield code="2">rdacontent</subfield>
    <subfield code="a">&#x646;&#x635;</subfield>
    <subfield code="b">txt</subfield>
  </datafield>
  <datafield tag="337" ind1=" " ind2=" ">
    <subfield code="2">rdamedia</subfield>
    <subfield code="a">&#x628;&#x62F;&#x648;&#x646; &#x648;&#x633;&#x64A;&#x637;</subfield>
    <subfield code="b">n</subfield>
  </datafield>
  <datafield tag="338" ind1=" " ind2=" ">
    <subfield code="2">rdacarrier</subfield>
    <subfield code="a">&#x645;&#x62C;&#x644;&#x62F;</subfield>
    <subfield code="b">nc</subfield>
  </datafield>
  <datafield tag="504" ind1=" " ind2=" ">
    <subfield code="a">&#x64A;&#x634;&#x62A;&#x645;&#x644; &#x639;&#x644;&#x649; &#x625;&#x631;&#x62C;&#x627;&#x639;&#x627;&#x62A; &#x628;&#x628;&#x644;&#x64A;&#x648;&#x62C;&#x631;&#x627;&#x641;&#x64A;&#x629; &#x648;&#x643;&#x634;&#x627;&#x641;&#x627;&#x62A;.</subfield>
  </datafield>
  <datafield tag="600" ind1=" " ind2=" ">
    <subfield code="9">22236</subfield>
    <subfield code="a">&#x627;&#x644;&#x62D;&#x645;&#x62F;&#x627;&#x646;&#x64A; &#x60C; &#x623;&#x628;&#x648; &#x641;&#x631;&#x627;&#x633;</subfield>
  </datafield>
  <datafield tag="650" ind1=" " ind2="7">
    <subfield code="a">&#x627;&#x644;&#x634;&#x639;&#x631; &#x627;&#x644;&#x639;&#x631;&#x628;&#x64A;</subfield>
    <subfield code="y">&#x627;&#x644;&#x639;&#x635;&#x631; &#x627;&#x644;&#x639;&#x628;&#x627;&#x633;&#x64A; &#x627;&#x644;&#x62B;&#x627;&#x644;&#x62B;.</subfield>
    <subfield code="2">BUEsh</subfield>
    <subfield code="9">16389</subfield>
  </datafield>
  <datafield tag="651" ind1=" " ind2=" ">
    <subfield code="2">BUEsh</subfield>
  </datafield>
  <datafield tag="653" ind1=" " ind2=" ">
    <subfield code="b">ARALIT</subfield>
    <subfield code="c">November2020</subfield>
  </datafield>
  <datafield tag="655" ind1=" " ind2=" ">
    <subfield code="v">Reading book</subfield>
    <subfield code="9">34232</subfield>
  </datafield>
  <datafield tag="942" ind1=" " ind2=" ">
    <subfield code="c">BB</subfield>
    <subfield code="k">811.72 &#x634; &#x643; &#x639;</subfield>
    <subfield code="2">ddc</subfield>
  </datafield>
  <datafield tag="952" ind1=" " ind2=" ">
    <subfield code="0">0</subfield>
    <subfield code="1">0</subfield>
    <subfield code="2">ddc</subfield>
    <subfield code="4">0</subfield>
    <subfield code="7">0</subfield>
    <subfield code="8">Alef-Baa</subfield>
    <subfield code="a">MAIN</subfield>
    <subfield code="b">MAIN</subfield>
    <subfield code="c">2ND</subfield>
    <subfield code="d">2012-11-07</subfield>
    <subfield code="o"> 892.713409 &#x634; &#x643; &#x639;</subfield>
    <subfield code="p">000007574</subfield>
    <subfield code="r">2025-07-15 00:00:00</subfield>
    <subfield code="y">BB</subfield>
  </datafield>
</record>
